000 00651cam a22002171a 4500
001 agr43000001
003 DLC
005 20260227111001.0
008 810903s1942 dcuab f000 0 eng
010 _aagr43000001
035 _a(OCoLC)7726506
040 _aDLC
_cCoG
_dDLC
042 _apremarc
050 0 0 _aSD428.C65
_bA5 1942
086 0 _aA 13.13:C 81/4/942
245 0 0 _aCoronado National Forest, Arizona ...
260 _aWashington :
_bU.S. Govt. Print. Off.,
_c1942.
300 _a 20 p. :
_bill., map ;
_c23 cm.
651 0 _aCoronado National Forest (Ariz. and N.M.)
710 1 _aUnited States.
_bForest Service.
_bSouthwestern Region.
999 _c10219
_d10219